000 00249nam a2200097Ia 4500
082 _aAF VANW
245 0 _aLIEFDE IN DIE NAJAAR
100 _a VAN WYK, S. [S.l.], 1984
_996868
942 _cBK
008 210817s9999 xx 000 0 und d
999 _c412558
_d412557